| 000 | 00613nam a2200229Ia 4500 | ||
|---|---|---|---|
| 003 | OSt | ||
| 005 | 20220928114751.0 | ||
| 006 | a|||||r|||| 00| 0 | ||
| 007 | ta | ||
| 008 | 220927b |||||||| |||| 00| 0 eng d | ||
| 024 | _a34831 | ||
| 037 | _cTextual | ||
| 040 |
_aSDCL _cSDCL _beng |
||
| 041 |
_2eng _aeng |
||
| 082 | _aX:(B), M1 | ||
| 100 |
_aWinters L Alan _9388025 |
||
| 245 | 0 | _aEconometric model of the export sector. | |
| 260 |
_aCambridge _bCqambridge University Press _c1981 |
||
| 300 |
_ax,251p _ccm. |
||
| 942 |
_hX:(B), M1 _cTEXL _2CC |
||
| 999 |
_c756306 _d756306 |
||